000 01832nam a2200541 i 4500
001 40707
003 KOSZ 005
005 20220620115506.0
008 011010s2001 pl a |001 0 pol
015 _aUWD 2001/16400
020 _a8301134968
035 _a991016990529705066
035 _a(PL-WaBN)b14586897-48omnis_nlop
035 _ab14586897
035 _a(OCoLC)749443761
035 _acc2001031863
035 _a(PL)b0000001458689
035 _a(EXLNZ-48OMNIS_NETWORK)9910108147505606
040 _aWA N
_cWA N
_dWA N
_dKOSZ 005/HR
041 1 _apol
_heng
046 _k2000
080 _a530.145
080 _a(075.8)
100 1 _aWeinberg, Steven
_d(1933-2021)
_eAutor
245 1 0 _aTeoria pól kwantowych.
_n[3],
_pSupersymetria /
_cSteven Weinberg ; z ang. przeł. Piotr Chankowski.
246 1 _iTyt. oryg.:
_aQuantum theory of fields
246 3 0 _aSupersymetria
260 _aWarszawa :
_bWydawnictwo Naukowe PWN,
_c2001.
300 _a457, [1] s. :
_bil. ;
_c25 cm.
336 _aTekst
_btxt
_2rdacontent
337 _aBez urządzenia pośredniczącego
_bn
_2rdamedia
338 _aWolumin
_bnc
_2rdacarrier
380 _aKsiążki
388 _a1901-2000
388 _a1989-2000
388 _a2001-
500 _aTyt. oryg.: "The quantum theory of fields". Vol. 3, Supersymmetry, 2000.
504 _aBibliogr. przy rozdz. - Indeks.
650 7 _aKwantowa teoria pola
_2DBN
650 7 _aSupersymetria
655 7 _aPodręczniki akademickie
_2DBN
658 _aFizyka i astronomia
700 1 _aChankowski, Piotr Henryk
_eTłumaczenie
710 2 _aWydawnictwo Naukowe PWN
_4pbl
856 _uhttp://koha.tu.koszalin.pl/cgi-bin/koha/opac-detail.pl?biblionumber=40707
_yKatalog online BPK
942 _2UKD
_cKS
999 _c40707
_d40707